| 000 | 00655cam a22002293a 4500 | ||
|---|---|---|---|
| 001 | 24889 | ||
| 003 | PGUSA | ||
| 005 | 20140828083532.0 | ||
| 008 | 080325s2008||||xxu|||||s|||||000 | eng d | ||
| 040 |
_aPGUSA _beng |
||
| 042 | _adc | ||
| 050 | 4 | _aD501 | |
| 100 | 1 | _aMcCarthy, George T. | |
| 245 | 1 | 4 |
_aThe Greater Love _h[electronic resource] / _cGeorge T. McCarthy |
| 260 |
_bProject Gutenberg, _c2008 |
||
| 506 | _aPublic domain in the USA. | ||
| 516 | _aElectronic text | ||
| 653 | _aWorld War, 1914-1918 -- Personal narratives, American | ||
| 830 | 0 |
_aProject Gutenberg _v24889 |
|
| 856 | 4 | 0 | _uhttp://www.gutenberg.org/ebooks/24889 |
| 942 | _cEB | ||
| 999 |
_c254144 _d254144 |
||